000
00228nam a22000857a 4500
008
160719b xxu||||| |||| 00| 0 eng d
100
_9
3052
_a
Monga P
245
_a
Composite Mathematics-VII
260
_a
New Delhi
_b
Arya Publication
_c
2013
999
_c
2615
_d
2615